000 00993nam a22003137a 4500
003 CHAP
005 20220329135034.0
008 971013s1953 r 00010 d
010 _a29951
011 _a30923
035 _a35035
040 _cCHAP
082 _a616.07583
_bL55
100 0 0 _aLillie, R. D.
_966780
245 _aHistopathologic technic and practical histochemistry
260 _aNew York :
_bBlakiston,
_c(1953)
300 _a501 p.
590 _aBATCH-UPD
_b10
_c20130110
_lUCH01
_h0044
590 _aBATCH-UPD
_b10
_c20130110
_lUCH01
_h2158
590 _aBATCH-UPD
_b10
_c20130409
_lUCH01
_h2030
590 _aBATCH-UPD
_b10
_c20130410
_lUCH01
_h1506
590 _aBATCH-UPD
_b10
_c20130914
_lUCH01
_h1618
590 _aCONVERSION
_b10
_c20130109
_lUCH01
_h1317
650 1 4 _aHistología patológica
_xManuales de laboratorio.
_955595
650 1 4 _aHistoquímica.
_955598
901 _aBK
942 _cLIBRO
949 _a616.07583 L55
_bBC
_cLIBRO
_d33724000012738
_eLIBRO
_i35035
_si
999 _c29951
_d29951